LEADER 00844nam a2200241 a 4500 001 991002088909707536 008 070130s2006 it 000 0 ita d 020 $a8833916537 035 $ab13474078-39ule_inst 040 $aDip. SSC$bita 082 0 $a306 100 1 $aDupront, Alphonse$0118335 245 10$aCrociate e pellegrinaggi /$cAlphonse Dupront 260 $aTorino :$bBollati Boringhieri,$c2006 300 $a241 p. ;$c19 cm 440 0$aUniversale Bollati Boringhieri ;$v501 650 4$aCrociate 907 $a.b13474078$b30-01-07$c30-01-07 912 $a991002088909707536 945 $aLE021 SOC25D106$g1$i2021000113468$lle021$nImbriani$o-$pE0.00$q-$rl$s- $t0$u1$v1$w1$x0$y.i14355577$z30-01-07 996 $aDu sacré. Croisades et pèlerinages$913053 997 $aUNISALENTO 998 $ale021$b30-01-07$cm$da $e-$fita$git $h0$i0 LEADER 01404oam 2200361 a 450 001 9910700904903321 005 20110921091559.0 035 $a(CKB)5470000002413983 035 $a(OCoLC)740245913 035 $a(EXLCZ)995470000002413983 100 $a20110709d2011 ua 0 101 0 $aeng 135 $aurmn||||a|||| 181 $ctxt$2rdacontent 182 $cc$2rdamedia 183 $acr$2rdacarrier 200 10$aAir Force Working Capital Fund$b[electronic resource] $ebudgeting and management of carryover work and funding could be improved : report to the Subcommittee on Readiness and Management Support, Committee on Armed Services, U.S. Senate 210 1$a[Washington, D.C.] :$cU.S. Govt. Accountability Office,$d[2011] 215 $a1 online resource (ii, 36 pages) $cillustrations 300 $aTitle from cover screen (viewed on July 9, 2011). 300 $a"July 2011." 300 $a"GAO-11-539." 320 $aIncludes bibliographical references. 517 $aAir Force Working Capital Fund 607 $aUnited States$xArmed Forces$xOperational readiness 712 02$aUnited States.$bCongress.$bSenate.$bCommittee on Armed Services.$bSubcommittee on Readiness and Management Support. 801 0$bDID 801 1$bDID 801 2$bGPO 906 $aBOOK 912 $a9910700904903321 996 $aAir Force Working Capital Fund$93475383 997 $aUNINA